000
00244nam a22001097a 4500
082
_a
793/KUM
100
_a
Kumar,Bhushan
_9
83512
245
_a
Regional Folk Dance of India
260
_a
Delhi
_b
Books World
_c
2020
650
_a
Dance
942
_c
BK
999
_c
68452
_d
68452